000 00659nab#a2200229#c#4500
999 _c19134
_d19134
003 IEF
005 20191203175559.0
008 950704s1976 uuu|| #####0 b| |u
040 _aIEF
_cES-MaIEF
100 1 _aPuerto Cela, Mariano
_936405
245 _aLa política de precios en la empresa privada y en la pública
_c Mariano Puerto Cela
260 _c1976
500 _aBibliografía
650 4 _aPRECIOS
_948092
650 4 _aPOLITICA ECONOMICA
_948066
650 4 _aEMPRESAS PUBLICAS
_943602
650 4 _aSERVICIOS PUBLICOS
_948391
773 0 _tHacienda pública española
_w34570
_g41, p. 61-95
942 _2udc
942 _2udc